The All England Law Reports annotated of cases decided in the house of lords:The privy council , all divisions of the supreme court and courts of special jurisdiction. 1937 volume 4. / (Record no. 4145)

MARC details
000 -LEADER
fixed length control field 00633nam a22001577a 4500
008 - FIXED-LENGTH DATA ELEMENTS--GENERAL INFORMATION
fixed length control field 140904b xxu||||| |||| 00| 0 eng d
020 ## - INTERNATIONAL STANDARD BOOK NUMBER
International Standard Book Number 0406850089
050 ## - LIBRARY OF CONGRESS CALL NUMBER
Classification number KD288.A64(1937 vol 4)
245 ## - TITLE STATEMENT
Title The All England Law Reports annotated of cases decided in the house of lords:The privy council , all divisions of the supreme court and courts of special jurisdiction. 1937 volume 4. /
Statement of responsibility, etc. edited by W. J. Williams and assisted by Roland Burrows.
260 ## - PUBLICATION, DISTRIBUTION, ETC.
Place of publication, distribution, etc. London:
Name of publisher, distributor, etc. Reed Elsevier,
Date of publication, distribution, etc. 1937.
300 ## - PHYSICAL DESCRIPTION
Extent xxiii, 718p.:
Dimensions 24cm.
440 ## - SERIES STATEMENT/ADDED ENTRY--TITLE
Volume/sequential designation Vol 4(1937)
700 ## - ADDED ENTRY--PERSONAL NAME
Personal name Williams, W. J.
700 ## - ADDED ENTRY--PERSONAL NAME
Personal name Burrows, Roland.
942 ## - ADDED ENTRY ELEMENTS (KOHA)
Source of classification or shelving scheme Library of Congress Classification
Koha item type Books
Holdings
Withdrawn status Lost status Source of classification or shelving scheme Damaged status Not for loan Home library Current library Shelving location Date acquired Total Checkouts Full call number Barcode Date last seen Copy number Price effective from Koha item type
    Library of Congress Classification     WISCONSIN INTERNATIONAL UNIVERSITY COLLEGE, GHANA - MAIN LIBRARY WISCONSIN INTERNATIONAL UNIVERSITY COLLEGE, GHANA - MAIN LIBRARY Law Library 04/09/2014   KD288.A64(1937 vol 4) 2350/1347/14 04/09/2014 1 04/09/2014 Books

If you have any concerns or questions; kindly contact the library


© Powered by WIUC ICT DIRECTORATE